000 01534cam a22004098i 4500
001 21385379
005 20221014173324.0
008 200114s2022 nyu j 000 1 eng
010 _a 2020001060
020 _a9781338553802
_q(paperback)
020 _a9781338553819
_q(library binding)
020 _z9781338684902
_q(ebook)
040 _aNJQ/DLC
_beng
_erda
_cDLC
_dDLC
042 _alcac
_apcc
050 0 0 _aPZ7.B767
_bBu 2022
082 0 4 _a[E]
_223
092 _achildren graphic
_bBrimner
100 1 _aBrimner, Larry Dane,
_eauthor.
_927730
245 1 0 _aBuild it! Jump it! /
_cwritten by Larry Dane Brimner ; illustrated by Kaylani Juanita.
263 _a2206
264 1 _aNew York :
_bAcorn/Scholastic Inc.,
_c[2022]
300 _apages cm.
336 _atext
336 _astill image
337 _aunmediated
338 _avolume
490 0 _aRacing Ace ;
_v2
520 _aAce builds her own skateboard, but it takes a lot of practice (and some falls) to learn to skate well--and then she builds a ramp and takes it to the park to skate with her new skateboarding friends.
521 1 _aAges 4-6.
_bScholastic.
521 2 _aGrades K-1.
_bScholastic.
650 0 _aSkateboarding
_vJuvenile fiction.
_95701063
650 0 _aSkateboards
_vJuvenile fiction.
_96456396
650 1 _aSkateboarding
_vFiction.
_95701064
650 1 _aSkateboards
_vFiction.
_96456397
700 1 _aJuanita, Kaylani,
_eillustrator.
_96358549
942 _2ddc
_cBOOK
999 _c377995
_d377995